[Event "WSTCC-65 2020"]
[Site "Prague"]
[Date "2020.03.12"]
[Round "7.13"]
[White "Farago, Ivan"]
[Black "Pruefer, Friedbert"]
[Result "1/2-1/2"]
[WhiteElo "2359"]
[BlackElo "2214"]
[Annotator "TA"]
[PlyCount "78"]
[EventDate "2020.03.06"]
[EventType "team-tourn"]
[EventCountry "CZE"]
[SourceTitle "playchess.com"]
[Source "ChessBase"]
[SourceQuality "1"]

{[%evp 13,78,0,69,58,72,78,83,77,101,96,105,95,104,102,95,96,93,90,89,91,92,86,131,132,147,79,81,31,31,30,30,29,29,32,32,29,33,37,37,34,45,0,0,0,0,0,0,0,0,0,4,0,0,0,0,0,0,0,0,0,0,0,0,0,0,0,0]} 1. d4 Nf6 2. Nf3 g6 3. c4 Bg7 4. Nc3 d5 5. Qb3 c6 6. e3 O-O 7. Bd2 Ne4 ({Better is} 7... e6 $11) 8. cxd5 $14 {D95: Grünfeld: 4 Nf3 Bg7 5 e3 0-0 6 Qb3.} Nxd2 9. Nxd2 cxd5 10. Qxd5 {White is better.} Nc6 11. Qxd8 Rxd8 12. a3 b6 {[#]} 13. Be2 $146 ({Predecessor:} 13. Bb5 Bb7 14. O-O a6 15. Be2 b5 16. Nb3 Nb8 17. Na5 Ra7 18. Rfd1 Ba8 19. a4 {1-0 (36) Dunkelblum,A-Enevoldsen,H Dubrovnik 1950}) 13... Bb7 14. O-O e6 15. Rac1 Rac8 16. Rfd1 Kf8 17. Bf3 Rd7 18. Nb5 Ke7 19. Rc3 (19. g3 $142) 19... a6 $16 20. Rdc1 (20. Nc4 {seems wilder.} axb5 21. Nxb6 Na7 22. Bxb7 Rxc3 23. Nxd7 Rb3 24. Nc5) 20... axb5 21. Bxc6 Bxc6 22. Rxc6 Rxc6 23. Rxc6 $14 {[%mdl 4096] Endgame KRB-KRN} e5 24. Rxb6 exd4 25. exd4 Rxd4 26. Nf1 Rd5 27. b4 Bb2 {The position is equal.} 28. Ne3 Re5 29. Rb7+ Ke8 30. Kf1 Bxa3 31. Nc2 Bb2 32. f4 Rd5 33. Ne3 Rd2 34. Rxb5 Bd4 35. Rd5 Bxe3 36. Re5+ {[%mdl 64] [#] Double Attack} Kd7 37. Rxe3 Rd4 38. Rb3 Rxf4+ 39. Ke2 Kc6 {Accuracy: White = 86%, Black = 95%.} 1/2-1/2

[Event "WSTCC-65 2020"]
[Site "Prague"]
[Date "2020.03.12"]
[Round "7.14"]
[White "Brock, Friedemann"]
[Black "Hardicsay, Peter"]
[Result "1-0"]
[WhiteElo "2230"]
[BlackElo "2203"]
[Annotator "ChessBase"]
[PlyCount "53"]
[EventDate "2020.03.06"]
[EventType "team-tourn"]
[EventCountry "CZE"]
[SourceTitle "playchess.com"]
[Source "ChessBase"]
[SourceQuality "1"]
[TimeControl "40/5400+30:1800+30"]

1. d4 {[%emt 0:00:00]} d5 {[%emt 0:00:00]} 2. c4 {[%emt 0:00:00]} e6 {[%emt 0:00:08]} 3. Nc3 {[%emt 0:00:00]} c6 {[%emt 0:00:52]} 4. Nf3 {[%emt 0:00:01]} dxc4 {[%emt 0:00:49]} 5. a4 {[%emt 0:00:51]} c5 {[%emt 0:08:40]} 6. e4 {[%emt 0:05:51]} Nc6 {[%emt 0:08:08]} 7. Be3 {[%emt 0:04:19]} Nf6 {[%emt 0:16:48]} 8. Bxc4 {[%emt 0:03:02]} Ng4 {[%emt 0:09:10]} 9. d5 {[%emt 0:08:49]} Nxe3 {[%emt 0:07:06]} 10. fxe3 {[%emt 0:00:06]} exd5 {[%emt 0:01:47]} 11. exd5 {[%emt 0:01:27]} Nb4 {[%emt 0:02:43]} 12. O-O {[%emt 0:24:42]} Bd6 {[%emt 0:07:20]} 13. e4 {[%emt 0:00:52]} O-O {[%emt 0:01:04]} 14. e5 {[%emt 0:00:08]} Be7 {[%emt 0:00:01]} 15. Qd2 {[%emt 0:09:47]} Bg4 {[%emt 0:02:34]} 16. d6 {[%emt 0:00:31]} Bxf3 {[%emt 0:01:21]} 17. Rxf3 {[%emt 0:00:16]} Nc6 {[%emt 0:04:37]} 18. Rxf7 {[%emt 0:05:27]} Rxf7 {[%emt 0:03:13]} 19. Bxf7+ {[%emt 0:01:21]} Kh8 {[%emt 0:00:50]} 20. Qd5 {[%emt 0:06:42]} Nxe5 {[%emt 0:03:33]} 21. Qxe5 {[%emt 0:00:35]} Bxd6 {[%emt 0:00:18]} 22. Qh5 {[%emt 0:00:45]} Qe7 {[%emt 0:04:00]} 23. Nd5 {[%emt 0:01:24]} Qe4 {[%emt 0:01:04]} 24. Rd1 {[%emt 0:03:58]} Rf8 {[%emt 0:01:26]} 25. Nc3 {[%emt 0:01:04]} Qe3+ {[%emt 0:07:39]} 26. Kh1 {[%emt 0:00:17]} Be5 {[%emt 0:01:43]} 27. Nd5 1-0

[Event "WSTCC-65 2020"]
[Site "Prague"]
[Date "2020.03.12"]
[Round "7.15"]
[White "Dory, Jeno"]
[Black "Schoeneberg, Manfred"]
[Result "1/2-1/2"]
[WhiteElo "2170"]
[BlackElo "2144"]
[Annotator "ChessBase"]
[PlyCount "25"]
[EventDate "2020.03.06"]
[EventType "team-tourn"]
[EventCountry "CZE"]
[SourceTitle "playchess.com"]
[Source "ChessBase"]
[SourceQuality "1"]
[TimeControl "40/5400+30:1800+30"]

1. e4 {[%emt 0:00:00]} e5 {[%emt 0:00:05]} 2. Nf3 {[%emt 0:00:00]} Nc6 {[%emt 0:00:55]} 3. Bb5 {[%emt 0:00:20]} Nge7 {[%emt 0:01:11]} 4. O-O {[%emt 0:03:23]} g6 {[%emt 0:01:43]} 5. c3 {[%emt 0:01:35]} Bg7 {[%emt 0:01:15]} 6. d4 {[%emt 0:00:48]} exd4 {[%emt 0:00:36]} 7. cxd4 {[%emt 0:02:51]} d5 {[%emt 0:00:27]} 8. exd5 {[%emt 0:08:01]} Nxd5 {[%emt 0:00:54]} 9. Re1+ {[%emt 0:04:47]} Be6 {[%emt 0:01:59]} 10. Ne5 {[%emt 0:08:34]} O-O {[%emt 0:17:06]} 11. Nxc6 {[%emt 0:01:21]} bxc6 {[%emt 0:00:17]} 12. Bxc6 {[%emt 0:00:33]} Rb8 {[%emt 0:00:51]} 13. Nc3 {[%emt 0:09:33]} 1/2-1/2

[Event "WSTCC-65 2020"]
[Site "Prague"]
[Date "2020.03.12"]
[Round "7.16"]
[White "Heinsohn, Guenther"]
[Black "Boguszlavszkij, Jevgenyij"]
[Result "1/2-1/2"]
[WhiteElo "2157"]
[BlackElo "2155"]
[Annotator "ChessBase"]
[PlyCount "57"]
[EventDate "2020.03.06"]
[EventType "team-tourn"]
[EventCountry "CZE"]
[SourceTitle "playchess.com"]
[Source "ChessBase"]
[SourceQuality "1"]
[TimeControl "40/5400+30:1800+30"]

1. e4 {[%emt 0:00:00]} c6 {[%emt 0:00:00]} 2. d4 {[%emt 0:00:40]} d5 {[%emt 0:00:09]} 3. Nd2 {[%emt 0:00:10]} g6 {[%emt 0:00:17]} 4. h3 {[%emt 0:01:37]} Bg7 {[%emt 0:00:11]} 5. Ngf3 {[%emt 0:00:28]} Nh6 {[%emt 0:04:44]} 6. Bd3 {[%emt 0:01:35]} f6 {[%emt 0:00:37]} 7. O-O {[%emt 0:01:46]} O-O {[%emt 0:00:13]} 8. Re1 {[%emt 0:01:40]} Nf7 {[%emt 0:01:15]} 9. c4 {[%emt 0:02:31]} e6 {[%emt 0:04:07]} 10. b4 {[%emt 0:04:15]} Nd7 {[%emt 0:05:44]} 11. Bb2 {[%emt 0:12:52]} dxe4 {[%emt 0:13:03]} 12. Nxe4 {[%emt 0:01:38]} Re8 {[%emt 0:06:51]} 13. Nc3 {[%emt 0:18:29]} e5 {[%emt 0:02:34]} 14. Bf1 {[%emt 0:03:35]} exd4 {[%emt 0:19:37]} 15. Nxd4 {[%emt 0:03:57]} Nf8 {[%emt 0:01:42]} 16. Rxe8 {[%emt 0:02:01]} Qxe8 {[%emt 0:00:06]} 17. c5 {[%emt 0:00:35]} Bd7 {[%emt 0:03:56]} 18. Nf3 {[%emt 0:05:43]} Rd8 {[%emt 0:04:43]} 19. Qb3 {[%emt 0:00:50]} Be6 {[%emt 0:01:00]} 20. Bc4 {[%emt 0:01:06]} Bxc4 {[%emt 0:02:10]} 21. Qxc4 {[%emt 0:00:14]} Qe6 {[%emt 0:02:05]} 22. Qf1 {[%emt 0:09:19]} Ng5 {[%emt 0:01:58]} 23. Nxg5 {[%emt 0:02:03]} fxg5 24. Re1 Qf7 25. Qe2 Bd4 26. Ne4 Qxa2 27. Bxd4 Qxe2 28. Rxe2 Rxd4 29. Re1 1/2-1/2

[Event "WSTCC-65 2020"]
[Site "Prague"]
[Date "2020.03.12"]
[Round "7.17"]
[White "Boidman, Yuri"]
[Black "Waschk, Armin"]
[Result "0-1"]
[WhiteElo "2335"]
[BlackElo "2165"]
[Annotator "TA"]
[PlyCount "60"]
[EventDate "2020.03.06"]
[EventType "team-tourn"]
[EventCountry "CZE"]
[SourceTitle "playchess.com"]
[Source "ChessBase"]
[SourceQuality "1"]

{[%evp 12,60,0,5,5,5,5,0,4,0,0,-12,-18,-23,31,35,49,58,50,68,55,37,50,54,39,21,31,14,10,-13,-22,-138,-139,-136,-100,-86,-95,-91,-89,-497,-491,-469,-481,-601,-597,-583,-578,-29973,-29974,-29970,-29971]} 1. Nf3 c5 2. e4 d6 3. d4 cxd4 4. Qxd4 Nc6 5. Bb5 Qd7 6. Bxc6 bxc6 7. O-O e5 {B53: Sicilian: 2...d6: Lines with Qxd4.} 8. Qd3 Be7 9. Rd1 Nf6 {The position is equal.} 10. Bg5 Qe6 {[#]} 11. Bxf6 $146 ({Predecessor:} 11. b3 O-O 12. c4 Rd8 13. Nc3 Bb7 14. Qe2 Nh5 15. Be3 h6 16. Nd2 Nf6 17. Rac1 {0-1 (51) Emiroglu,C (2063)-Han,C (2216) Thessaloniki 2009}) 11... Qxf6 12. Qc3 $1 {[%cal Rc3c6]} O-O (12... Bb7 $11) 13. Qxc6 $14 Bg4 14. Rd3 Rfc8 15. Qa4 Rab8 16. Nc3 Rxb2 17. Nd5 Qe6 18. Qxa7 Bd8 19. c3 f5 20. Nd2 Be2 21. Rg3 (21. exf5 $11 {remains equal.} Qxf5 22. Ne3 (22. Rg3 Qf7 $17)) 21... Qf7 $17 22. Qe3 f4 23. Qxe2 fxg3 24. hxg3 Bg5 $36 {[%mdl 2048] White is under strong pressure.} 25. Qa6 $2 {[%mdl 8192] [#] Loses the game.} (25. Qg4 $17 {is tougher.} Rf8 26. Nf3) 25... Rcb8 $19 26. Qxd6 Bxd2 27. Nb4 Rf8 28. Nd3 Rc2 29. Nxe5 Qxf2+ {[%mdl 64] [#] Double Attack} 30. Kh1 Bxc3 {Accuracy: White = 66%, Black = 88%.} 0-1

[Event "WSTCC-65 2020"]
[Site "Prague"]
[Date "2020.03.12"]
[Round "7.18"]
[White "Luethke, Hans-Eckart"]
[Black "Khanukov, Boris"]
[Result "1/2-1/2"]
[WhiteElo "2091"]
[BlackElo "2293"]
[Annotator "TA"]
[PlyCount "328"]
[EventDate "2020.03.06"]
[EventType "team-tourn"]
[EventCountry "CZE"]
[SourceTitle "playchess.com"]
[Source "ChessBase"]
[SourceQuality "1"]

{[%evp 10,328,29,35,48,56,74,52,89,52,66,53,67,64,58,58,65,70,60,64,50,9,0,-38,-41,-45,-21,-55,-55,-84,-50,-66,-62,-54,-26,-38,-16,-44,-14,-87,-6,-52,-53,-46,-48,-151,-90,-87,-85,-102,-102,-102,-102,-106,-101,-101,-87,-120,-120,-125,-100,-130,-128,-143,-128,-157,-160,-220,-171,-165,-166,-161,-106,-155,-70,-70,-70,-70,-64,-70,-70,-70,-69,-70,-70,-77,-70,-79,-77,-84,-77,-84,-84,-84,-79,-79,-79,-84,0,-79,-79,-84,-79,-84,-79,-79,-79,-79,-55,-55,-56,-70,-63,-63,-63,-70,-70,-79,-79,-81,-79,-81,-63,-84,-79,-84,-79,-84,-78,-104,-10,-84,-74,-84,-70,-84,-70,-70,-70,-70,-70,-70,-70,-78,-70,-70,-70,-70,-8,-12,-9,-16,0,-39,0,0,0,0,0,0,0,-74,-8,-12,-12,-12,0,-12,-8,-12,0,-64,-61,-60,-62,-63,-8,-66,-66,-66,-66,-66,-66,-76,-76,-76,-67,-183,-183,-198,-160,-160,-160,-209,-209,-212,-209,-209,-209,-209,-184,-214,-214,-216,-216,-223,0,0,0,0,0,-18,0,-8,0,0,0,-8,0,0,0,0,0,0,0,-8,0,0,0,0,0,0,0,0,0,0,0,0,0,0,0,-8,0,0,0,0,0,0,0,0,0,0,0,-8,0,0,0,-8,-8,-8,0,0,0,0,0,-8,0,0,0,0,0,0,0,0,0,0,0,0,0,0,0,0,0,0,0,0,0,0,0,0,0,0,0,0,0,-8,-8,-8,0,-8,0,0,0,0,0,-8,-8,-8,-8,-8,0,0,0,0,0,0,0,0,0,0,0]} 1. e4 g6 2. d4 Bg7 3. Nc3 {[%cal Bb1c3,Bc3e4,Be4g3][%mdl 32]} c6 4. Be3 d5 5. Qd2 dxe4 6. Nxe4 Bf5 {B15: Caro-Kann: 3 Nc3: 3...g6 and 3...dxe4 4 Nxe4 Nf6 5 Nxf6+ exf6.} 7. Ng3 Be6 8. Nf3 Bd5 {White is slightly better.} 9. Be2 {[#]} h5 $146 ({Predecessor:} 9... Nd7 10. c4 Bxf3 11. Bxf3 Nb6 12. b3 e6 13. O-O Ne7 14. Rad1 O-O 15. Bh6 Qc7 {½-½ (33) Novak,G (2254)-Basagic,Z (2331) Sentjur 2012}) 10. c4 h4 11. cxd5 hxg3 12. dxc6 gxf2+ 13. Bxf2 Nxc6 14. d5 Ne5 15. Nxe5 Bxe5 16. Bb5+ Kf8 17. h3 Qd6 18. O-O Nf6 19. Rad1 Kg7 20. Qe2 a6 21. Bc4 b5 22. Bb3 Nh5 23. Rde1 Bf6 24. Qd2 (24. Qf3 $11) 24... Rad8 (24... Ng3 $17 25. Bxg3 Qxg3) 25. Re4 Ng3 $36 {[%mdl 2048] Black has good play.} 26. Bxg3 $1 Qxg3 27. Qf4 (27. Rf3 $15 Qd6 28. g4) 27... Qxf4 (27... Rxh3 $142 $1 28. Qxg3 Rxg3) 28. Rfxf4 Rd6 29. a4 bxa4 30. Rxa4 Bxb2 31. Rf2 Bc3 32. Rc2 Be5 33. Kf2 Rb6 34. Bc4 Rc8 35. Rca2 {[#]} a5 $1 {[%mdl 512]} 36. Ke3 (36. Rxa5 Rxc4) 36... Bc3 37. Kd3 Bb4 38. Rf2 (38. Rc2 $17) 38... Rd6 39. Raa2 e6 40. Rac2 exd5 (40... Rb8 $19 41. Rfe2 Rd7) 41. Bb3 {[#]} Rxc2 (41... Bc5 $1 $17 42. Rc3 Rb8 43. Rxc5 Rxb3+ 44. Rc3 Rb4) 42. Rxc2 $17 {[%mdl 4096] Endgame KRB-KRB} f5 43. Kd4 Rd7 44. Ba4 Re7 45. Kxd5 Kh6 46. Bc6 Kg5 47. Kd4 Kh4 48. Ra2 Kg3 49. Bd5 Re1 50. Bf7 g5 51. Bd5 f4 52. Kc4 Rc1+ 53. Kd3 Re1 54. Kc4 Re3 55. Kd4 Be1 56. Bc6 Bf2 57. Kc4 Re5 58. Bd5 Bb6 59. Rb2 Bd8 60. Ra2 Re3 61. Bc6 Re1 62. Bd5 Rc1+ 63. Kd3 Rc5 64. Be4 Bf6 65. Rc2 Rb5 66. Bc6 Rb3+ 67. Kc4 Rb4+ 68. Kc5 Bd4+ 69. Kd6 Bb2 (69... Rb6 $17 {White should prevent ...a4.} 70. Kd5 Bf2) 70. Kc5 (70. Rc5 $11) 70... Bf6 71. Ra2 Be7+ 72. Kd5 Bd8 73. Kc5 Bb6+ 74. Kd5 Rd4+ 75. Ke5 Rd1 76. Be4 Bc7+ 77. Kf5 Rd4 78. Ra3+ Kh2 (78... Kh4 $1 $15) 79. Bf3 Bd8 80. Kg4 Rd2 81. Be4 Rf2 82. Rd3 Be7 83. Rd7 Bc5 84. Kxg5 a4 {White must now prevent ...a3.} 85. Rc7 (85. Kg4 $11 {keeps the balance.}) 85... Bd6 (85... Be3 $17 86. Rc3 Bd2) 86. Ra7 a3 87. Kf5 Rb2 88. Bd5 Re2 {Strongly threatening ...Re5+.} (88... Rb5 $5 89. Ke6 $8 Rb6 $11) 89. Be4 a2 {And now ...Bc5 would win.} 90. Bd3 (90. Ra8 $11) 90... Rxg2 91. Bc4 f3 {aiming for ...f2.} 92. Rxa2 Bg3 (92... Kg3 $1 $15) 93. Ke4 (93. Bd5 $11) 93... f2 $15 ({Don't play} 93... Kxh3 $6 94. Bf1 $11) 94. Bf1 Rg1 95. Ra1 $1 Bh4 96. Rb1 Rg7 97. Kf3 Rf7+ 98. Ke2 (98. Kg4 $15) 98... Kg1 $19 {Hoping for ...Re7+.} 99. Kd2 Rd7+ 100. Bd3+ Kg2 101. Kc2 Rc7+ 102. Kb3 Bg5 103. Bf1+ Kh2 104. Rd1 Bf6 105. Rd3 Rc1 106. Be2 Rb1+ 107. Kc4 f1=Q $2 ({Black should play} 107... Re1 $19 108. Rd2 Bh4) 108. Bxf1 $11 {The position is equal.} Rxf1 {KRB-KR} 109. Kd5 Bh4 110. Ke4 Bg3 111. Rb3 Kxh3 112. Rd3 Kg4 113. Rd4 Bf4 114. Rc4 Re1+ 115. Kd5 Kf5 116. Rd4 Re8 117. Kc4 Be5 118. Rd5 Ke4 119. Rd7 Rc8+ 120. Kb5 Bd4 121. Rh7 Rc5+ 122. Kb4 Rc6 123. Rh4+ Kd3 124. Rh3+ Be3 125. Rh5 Rc1 126. Kb5 Kd4 127. Rh4+ Kd5 128. Rh5+ Kd6 129. Kb4 Bd4 130. Rh7 Be5 131. Rf7 Rc2 132. Rh7 Kd5 133. Rd7+ Bd6+ 134. Kb3 Rc6 135. Rh7 Bf4 136. Rd7+ Ke4 137. Kb4 Be3 138. Kb5 Re6 139. Rh7 Bh6 140. Kc5 Bg5 141. Rh1 Be3+ 142. Kc4 Rc6+ 143. Kb5 Rc5+ 144. Kb4 Rf5 145. Rd1 Bd4 146. Kc4 Rc5+ 147. Kb4 Rc2 148. Rh1 Kd5 149. Rh5+ Be5 150. Kb3 Rb2+ 151. Ka3 Rb7 152. Rh4 Bd4 153. Rh6 Kc4 154. Rc6+ Bc5+ 155. Ka2 Rb5 156. Rh6 Ra5+ 157. Kb2 Bd4+ 158. Kc2 Ra2+ 159. Kc1 Rg2 {( -> ...Be3+)} 160. Rh3 Bc3 161. Kd1 Rd2+ 162. Kc1 Kb3 163. Rh7 Re2 {[%cal Re2e1]} 164. Rh1 Ra2 {And White is the lucky defender. Accuracy: White = 81%, Black = 86%.} 1/2-1/2

[Event "WSTCC-65 2020"]
[Site "Prague"]
[Date "2020.03.12"]
[Round "7.19"]
[White "Salov, Sergej"]
[Black "Schulz, Michael"]
[Result "0-1"]
[WhiteElo "2135"]
[BlackElo "2122"]
[Annotator "ChessBase"]
[PlyCount "63"]
[EventDate "2020.03.06"]
[EventType "team-tourn"]
[EventCountry "CZE"]
[SourceTitle "playchess.com"]
[Source "ChessBase"]
[SourceQuality "1"]
[TimeControl "40/5400+30:1800+30"]

1. e4 {[%emt 0:00:00]} e6 {[%emt 0:00:00]} 2. d4 {[%emt 0:00:00]} d5 {[%emt 0:00:02]} 3. Nd2 {[%emt 0:00:21]} Nf6 {[%emt 0:00:03]} 4. e5 {[%emt 0:00:26]} Nfd7 {[%emt 0:00:04]} 5. f4 {[%emt 0:00:19]} c5 {[%emt 0:00:04]} 6. c3 {[%emt 0:00:09]} Nc6 {[%emt 0:00:04]} 7. Ndf3 {[%emt 0:00:19]} Qa5 {[%emt 0:00:13]} 8. Be3 {[%emt 0:04:04]} b5 {[%emt 0:00:47]} 9. a3 {[%emt 0:01:10]} c4 {[%emt 0:01:49]} 10. g4 {[%emt 0:00:48]} h5 {[%emt 0:00:45]} 11. gxh5 {[%emt 0:00:32]} Rxh5 {[%emt 0:02:15]} 12. Ne2 {[%emt 0:03:47]} g6 {[%emt 0:00:36]} 13. Ng3 {[%emt 0:00:12]} Rh8 {[%emt 0:00:09]} 14. h4 {[%emt 0:00:18]} Be7 {[%emt 0:05:54]} 15. h5 {[%emt 0:05:44]} gxh5 {[%emt 0:01:17]} 16. Rxh5 {[%emt 0:00:34]} Rg8 {[%emt 0:02:21]} 17. Kf2 {[%emt 0:02:21]} Nf8 {[%emt 0:01:15]} 18. Bh3 {[%emt 0:01:52]} Bd7 {[%emt 0:04:46]} 19. f5 {[%emt 0:14:48]} exf5 {[%emt 0:05:00]} 20. Nxf5 {[%emt 0:06:36]} O-O-O {[%emt 0:02:55]} 21. Ng5 {[%emt 0:09:59]} f6 {[%emt 0:17:45]} 22. Nxe7+ {[%emt 0:09:34]} Nxe7 {[%emt 0:00:14]} 23. exf6 {[%emt 0:00:22]} Nf5 {[%emt 0:03:29]} 24. Qf3 {[%emt 0:09:36]} Nxe3 {[%emt 0:01:08]} 25. Qxe3 {[%emt 0:00:36]} Rg6 {[%emt 0:02:16]} 26. f7 {[%emt 0:08:10]} Qc7 {[%emt 0:02:17]} 27. Qg3 {[%emt 0:03:30]} Bxh3 {[%emt 0:06:54]} 28. Qxh3+ {[%emt 0:01:36]} Kb7 {[%emt 0:00:30]} 29. Qf5 {[%emt 0:06:46]} Rdd6 {[%emt 0:10:06]} 30. Kg2 {[%emt 0:02:37]} Qe7 {[%emt 0:03:56]} 31. Kh1 Qe2 32. Rh2 0-1

[Event "WSTCC-65 2020"]
[Site "Prague"]
[Date "2020.03.12"]
[Round "7.20"]
[White "Sager, Bernd"]
[Black "Gruzmann, Boris"]
[Result "0-1"]
[WhiteElo "1920"]
[BlackElo "2206"]
[Annotator "ChessBase"]
[PlyCount "62"]
[EventDate "2020.03.06"]
[EventType "team-tourn"]
[EventCountry "CZE"]
[SourceTitle "playchess.com"]
[Source "ChessBase"]
[SourceQuality "1"]
[TimeControl "40/5400+30:1800+30"]

1. d4 {[%emt 0:00:00]} Nf6 {[%emt 0:00:00]} 2. c4 {[%emt 0:00:00]} d6 {[%emt 0:00:00]} 3. Nf3 {[%emt 0:00:00]} g6 {[%emt 0:00:08]} 4. g3 {[%emt 0:00:08]} Bg7 {[%emt 0:00:09]} 5. Bg2 {[%emt 0:00:05]} O-O {[%emt 0:00:10]} 6. O-O {[%emt 0:00:07]} Nc6 {[%emt 0:00:32]} 7. Nc3 {[%emt 0:01:13]} a6 {[%emt 0:00:18]} 8. e4 {[%emt 0:02:50]} Bg4 {[%emt 0:01:39]} 9. h3 {[%emt 0:01:38]} Bxf3 {[%emt 0:00:10]} 10. Bxf3 {[%emt 0:00:03]} e5 {[%emt 0:00:15]} 11. d5 {[%emt 0:01:36]} Nd4 {[%emt 0:00:12]} 12. Bg2 {[%emt 0:00:33]} c5 {[%emt 0:01:12]} 13. Be3 {[%emt 0:05:30]} Nd7 {[%emt 0:04:23]} 14. Qd2 {[%emt 0:09:27]} f5 {[%emt 0:06:56]} 15. f4 {[%emt 0:01:35]} exf4 {[%emt 0:01:38]} 16. Bxf4 {[%emt 0:00:41]} Ne5 {[%emt 0:03:19]} 17. b3 {[%emt 0:05:58]} b5 {[%emt 0:01:50]} 18. cxb5 {[%emt 0:02:14]} axb5 {[%emt 0:00:19]} 19. exf5 {[%emt 0:01:25]} gxf5 {[%emt 0:01:25]} 20. Ne2 {[%emt 0:03:56]} Ng6 {[%emt 0:00:35]} 21. Rad1 {[%emt 0:05:24]} Re8 {[%emt 0:42:47]} 22. Nxd4 {[%emt 0:04:27]} Bxd4+ {[%emt 0:00:14]} 23. Kh1 {[%emt 0:01:50]} Nxf4 {[%emt 0:01:00]} 24. Qxf4 {[%emt 0:03:43]} Re5 {[%emt 0:01:01]} 25. Rde1 {[%emt 0:06:38]} Qf6 {[%emt 0:08:26]} 26. Qd2 {[%emt 0:13:16]} Qg6 {[%emt 0:10:51]} 27. g4 {[%emt 0:20:45]} fxg4 {[%emt 0:01:13]} 28. Rf4 {[%emt 0:00:14]} gxh3 {[%emt 0:02:46]} 29. Bf3 {[%emt 0:01:15]} Rg5 {[%emt 0:00:50]} 30. Qd1 {[%emt 0:03:34]} Rxa2 {[%emt 0:01:47]} 31. Be4 {[%emt 0:01:47]} Rgg2 0-1

[Event "WSTCC-65 2020"]
[Site "Prague"]
[Date "2020.03.12"]
[Round "7.21"]
[White "Huss, Andreas"]
[Black "Jansa, Vlastimil"]
[Result "1/2-1/2"]
[WhiteElo "2253"]
[BlackElo "2439"]
[Annotator "TA"]
[PlyCount "107"]
[EventDate "2020.03.06"]
[EventType "team-tourn"]
[EventCountry "CZE"]
[SourceTitle "playchess.com"]
[Source "ChessBase"]
[SourceQuality "1"]

{[%evp 22,107,29,25,29,22,29,15,34,22,23,28,17,29,33,7,46,7,25,0,26,37,16,21,47,49,40,31,69,63,86,72,94,95,142,67,74,40,58,47,228,228,240,190,370,338,425,0,0,-6,0,0,0,0,9,0,43,27,22,0,0,0,0,0,0,-54,-52,-50,-26,-19,-10,-4,-4,-36,-1,-1,-4,-6,-6,-12,0,0,0,0,0,0,3,0]} 1. d4 Nf6 2. c4 g6 3. Nf3 Bg7 4. Nc3 d5 5. cxd5 Nxd5 6. e4 Nxc3 7. bxc3 c5 8. Rb1 O-O 9. Be2 b6 10. O-O Bb7 11. Qd3 e6 12. Bg5 Qc7 {D85: Exchange Grünfeld: Unusual White 7th moves and lines with 7 Nf3.} 13. Qe3 Nd7 14. e5 Rae8 15. Bf4 Bd5 16. a4 {[#]} Qb7 $146 ({Predecessor:} 16... c4 17. h4 Qc6 18. h5 f6 19. exf6 Bxf6 20. Bh6 Bg7 21. Bxg7 Kxg7 22. Ne5 Nxe5 23. Qxe5+ {1-0 (53) Peralta,F (2546)-Schmidt,W (2410) Warsaw 2007}) 17. a5 Rc8 18. axb6 axb6 19. Bb5 Nb8 20. Be2 Rfd8 21. Rb2 cxd4 22. cxd4 Rc7 23. Rfb1 Nd7 24. Bb5 Rb8 25. h4 Be4 26. Re1 $36 {[%mdl 2048] Keeping Black busy.} Bxf3 27. gxf3 Bf8 28. Reb1 ({White should try} 28. h5 $16) 28... h5 $14 29. Kg2 Be7 30. Bg3 Qa7 $2 {[#]} (30... Nf8 $14) 31. d5 $1 $18 {[%cal Rd5d6][%mdl 512]} Bc5 (31... exd5 32. e6) 32. Qd2 exd5 $2 (32... Ra8 33. Qd3 Nf8) 33. e6 fxe6 {[#]} 34. Qg5 $2 (34. Ra2 $1 $18 {[%cal Ra2a7]} Qb7 35. Rba1) 34... Nf8 $11 35. Bd3 Rbb7 36. Be5 {White wants to play Rd2.} Rg7 37. Re2 {aiming for Ra1.} Be7 38. Qc1 {Strongly threatening Ra1.} Qa8 39. Bxg7 Kxg7 40. Qc6 Qb8 41. Reb2 {[%cal Rb2b6]} Bd8 42. Re2 Rf7 43. Qc3+ ({White should play} 43. Rxe6 $11 Nxe6 44. Qxe6) 43... Bf6 $15 44. Qb4 Qd8 (44... e5 {seems wilder.} 45. Qxb6 Qe8 46. Qb5 Qe6 47. Rc1 e4) 45. Qxb6 Bxh4 {With the idea ...Qg5+.} 46. Qxd8 Bxd8 47. Ba6 Rc7 48. f4 {The position is equal.} Kf6 49. Rb8 Be7 50. Rc8 Rxc8 51. Bxc8 Bd6 52. Kf3 $1 Kf5 53. Rd2 {Threatens to win with Rxd5+.} Kf6 54. Re2 {Accuracy: White = 78%, Black = 66%.} 1/2-1/2

[Event "WSTCC-65 2020"]
[Site "Prague"]
[Date "2020.03.12"]
[Round "7.22"]
[White "Hausner, Ivan"]
[Black "Hohler, Peter"]
[Result "1-0"]
[WhiteElo "2339"]
[BlackElo "2057"]
[Annotator "TA"]
[PlyCount "93"]
[EventDate "2020.03.06"]
[EventType "team-tourn"]
[EventCountry "CZE"]
[SourceTitle "playchess.com"]
[Source "ChessBase"]
[SourceQuality "1"]

{[%evp 21,93,3,35,16,39,38,31,45,17,17,17,8,27,-5,36,1,44,-8,92,108,98,88,158,126,170,99,118,31,31,71,100,78,60,62,225,115,112,114,112,99,287,178,185,135,276,210,187,174,188,198,194,154,262,238,412,408,751,729,911,902,864,857,4913,1553,29971,29972,29970,6402,29975,29976,29975,29976,6195,6119]} 1. c4 Nf6 2. Nc3 e6 3. d4 Bb4 4. f3 d5 5. a3 Bxc3+ 6. bxc3 c5 7. cxd5 exd5 8. e3 O-O 9. Bd3 Re8 10. Ne2 b6 11. O-O Bb7 12. g4 {E49: Nimzo-Indian: Rubinstein: 5 Bd3 d5 6 a3 Bxc3+ 7 bxc3.} Ba6 13. Bxa6 Nxa6 14. Ng3 {White is slightly better.} Nc7 {[#]} 15. Ra2 $146 ({Predecessor:} 15. a4 Ne6 16. f4 Nf8 17. a5 bxa5 18. Rf2 cxd4 19. cxd4 N8d7 20. g5 Ne4 21. Nxe4 Rxe4 {0-1 (57) Chemin,V (2338)-Dos Santos,H (2278) Indaial 2004}) 15... Rc8 16. Rg2 Ne6 17. Nf5 cxd4 18. cxd4 (18. g5 $5 {[%cal Rg5f6]} Nd7 19. cxd4 $11) 18... Rc7 19. Bd2 (19. g5 $14 Nh5 20. f4) 19... a5 (19... g6 $11 {keeps the balance.} 20. Nh6+ Kg7) 20. g5 $16 Nd7 21. Qb3 Qa8 (21... Nb8 $142) 22. a4 Nef8 {[#]} 23. Bc1 ({Better is} 23. e4 $1 $18 {[%mdl 512]}) 23... Qc6 {[#]} 24. Ba3 (24. e4 $1 $16 {[%mdl 512]}) 24... Qe6 $1 $14 {[%cal Re6f5]} 25. Qd3 Rd8 26. Rc2 Rxc2 27. Qxc2 g6 $2 ({Black should play} 27... Ng6 $14) 28. Nh6+ (28. Ne7+ $18 Kg7 29. e4) 28... Kg7 $16 29. e4 $36 {[%mdl 2048] White has strong initiative.} f6 30. Bc1 Qd6 $2 (30... Re8 $16) 31. gxf6+ Qxf6 32. Ng4 Qd6 (32... Qxd4+ $16 33. Be3 Qb4) 33. Qb3 Ne6 34. Qxd5 Qxd5 35. exd5 Nc7 36. Bg5 Re8 (36... Rb8 $16) 37. d6 $18 Nd5 $2 {[#]} (37... Na6 {keeps fighting.} 38. Rc1 h5) 38. Ne5 $1 {[%mdl 512]} N5f6 (38... Rxe5 $142 39. dxe5 Kf7) (38... Nxe5 39. dxe5) 39. Rc1 Re6 40. Rc7 Rxd6 41. Bxf6+ Kxf6 42. Rxd7 Ke6 43. Rxd6+ Kxd6 {KN-KP} 44. Kf2 b5 45. axb5 {[%cal Ba4b5,Bb5b6][%mdl 32]} a4 46. b6 a3 47. Nc4+ {[%mdl 64] Double Attack. Accuracy: White = 64%, Black = 30%.} 1-0